Billy Joel Lyrics Quiz (Part 51) - Statistics

General Stats
  • This quiz has been taken 32 times
  • The average score is 127 of 257
Answer Stats
Answer % Correct
a
100%
the
100%
The
100%
and
90%
I
90%
her
86%
is
86%
she
81%
She
81%
They
81%
to
81%
To
81%
all
76%
be
76%
for
76%
me
76%
my
76%
on
71%
time
71%
at
67%
been
67%
but
67%
from
67%
got
67%
have
62%
I’m
62%
men
62%
need
62%
Now
62%
should
62%
this
62%
had
57%
up
57%
are
52%
I’d
52%
long
52%
Man
52%
There’s
52%
I’ve
48%
life
48%
stay,
48%
stay
48%
told
48%
woman,
48%
away
43%
away,
43%
done
43%
everything
43%
gives
43%
known
43%
Off
43%
off
43%
said
43%
those
43%
was
43%
We’ve
43%
coming
38%
home
38%
into
38%
low
38%
more
38%
ocean
38%
Though
38%
asked
33%
front
33%
ran
33%
sea
33%
storm
33%
Storm
33%
water
33%
comes
29%
lead
29%
morning
29%
pressure
29%
radio
29%
running
29%
shore
29%
Small
29%
weather
29%
ahead
24%
Coast
24%
drifted
24%
drove
24%
easy
24%
fast
24%
gets
24%
heard
24%
Most
24%
navigation
24%
open
24%
Red
24%
restless
24%
still
24%
years
24%
barometer
19%
blowing
19%
breeze
19%
craft
19%
daylight
19%
falling
19%
flags
19%
flying
19%
force
19%
gale
19%
Guard
19%
harbor,
19%
Heavy
19%
hunger
19%
indigo)
19%
information
19%
lonesome,
19%
mast
19%
(mood
19%
motivation
19%
motored
19%
nine
19%
northeast
19%
possible
19%
rising
19%
Safe
19%
sailing
19%
scale
19%
seas
19%
starboard,
19%
system
19%
tied
19%
warning
19%
White
19%
Beaufort
14%
cumulonimbus
14%
gray,
14%
straight
14%
weatherman
14%
steered
5%
No matching quizzes found
Score Distribution
Percent of People with Each Score
Percentile by Number Answered
Your Score History
You have not taken this quiz